000 05447nam a2200349Ia 4500
003 OSt
005 20251204103002.0
008 210210b2009 xxu||||| |||| 00| 0 eng d
040 _cAL
041 _aKannada
082 _a305.895487K SACT
100 _aSACHCHIDANANDA HEGDE (B)
_9247529
_dಸಚ್ಚಿದಾನಂದ ಹೆಗ್ಡೆ
245 _aTulunadavaru
_bತುಳುನಾಡವರು
260 _aKinnigoli
_bYugapurusha Prakatanalaya
_c2009
300 _axvi,284,xxiv
520 _aತುಳುನಾಡವರು : (ಬಂಟ ನಾಡವರ ಮೂಲದ ಸಿದ್ದಾಂತಗಳ ವಿಶ್ಲೇಷಣೆ ಹಾಗೂ ಇತಿಹಾಸದ ಪುಟಗಳಲ್ಲಿ ಬಂಟ ನಾಡವರಿ ಗಾಗಿ ಹುಡುಗಾಟ) ಮುನ್ನುಡಿ: ಮಾನವ ತಾನು ಬಂದ ಹಾದಿಯ ಬಗ್ಗೆ ಪುರಾತನ ಕಾಲದಿಂದಲೂ ಆಸಕ್ತಿ, ಕುತೂಹಲಗಳನ್ನು ವ್ಯಕ್ತಪಡಿಸುತ್ತಾ ಬಂದಿದ್ದಾನೆ. ಹಿಂದೂ ಜನಾಂಗದ ಚೌಕಟ್ಟಿನಲ್ಲಿ ಹಲವಾರು ಜಾತಿ, ಉಪಜಾತಿ, ಪಂಗಡಗಳಿದ್ದರೂ ಅವು ಹುಟ್ಟಿಕೊಂಡದ್ದು ಹೇಗೆ? ಈ ಸಮೂಹಗಳ ತಾಯಿ ಬೇರು ಯಾವುದು? ವಿಭಿನ್ನ ರೀತಿಯ ಭಾಷೆ, ಸಂಸ್ಕೃತಿ, ಜೀವನ ಪರಿ ಹೇಗೆ ವಿಕಸನಗೊಂಡವು? ಎಂಬಿತ್ಯಾದಿ ಪ್ರಶ್ನೆಗಳಿಗೆಲ್ಲ ಸಮರ್ಪಕವಾದ, ಆಧಾರ ಸಹಿತ ಉತ್ತರಗಳನ್ನು ಅರಸುವುದು ಕಷ್ಟಕರ. ಇಂದಿನ ಪ್ರಗತಿಪರ ಯುಗದಲ್ಲಿ ಸಂಶೋಧನೆಯ ನೆಲೆಯಲ್ಲಿ ಅನೇಕ ವಿಷಯಗಳನ್ನು ನಾವು ಮನವರಿಕೆ ಮಾಡಿಕೊಂಡಿ ದ್ದರೂ, ನಮಗರಿವಿಲ್ಲದ ಸಂಗತಿಗಳು ಬೇಕಾದಷ್ಟಿವೆ. ಉದಾಹರಣೆಗೆ - ಒಂದೊಂದು ಊರಿಗೆ ಒಂದೊಂದು ಹೆಸರಿದೆ. ಆ ಹೆಸರು ಹೇಗೆ ಬಂದಿತು? ಎಂದು ಪ್ರಶ್ನಿಸಿದಲ್ಲಿ ಪುರಾವೆಗಳ ಸಹಿತ ಸಮರ್ಪಕವಾದ ಉತ್ತರ ಲಭಿಸುವುದು ವಿರಳ. ತುಳುನಾಡಿನಲ್ಲಿ ಬಂಟ, ಬಿಲ್ಲವ, ಮೊಗವೀರ, ಶೇರಿಗಾರ ಎಂಬಿತ್ಯಾದಿ ಹಲವು ಜಾತಿಗಳಿವೆ. ಇಲ್ಲಿನ ಸಾಮೂಹಿಕ ಸಾಮಾಜಿಕ ವ್ಯವಸ್ಥೆಯಲ್ಲಿ ಬಂಟ/ನಾಡವರಿಗೊಂದು ವಿಶಿಷ್ಟ ಅಸ್ತಿತ್ವವಿದೆ. ಆದರೆ ಇಂತಹ ಸ್ಥಾನಮಾನ ಇವರಿಗೆ ಹೇಗೆ ಲಭಿಸಿತು? ಇವರು ಯಾರು? ಇವರ ಮೂಲ ಯಾವುದು? ಬಂಟರ ಪೂರ್ವಜರು ಸ್ಥಳೀಯರೋ ಅಥವಾ ವಲಸೆಗಾರರಾಗಿ ಕರ್ನಾಟಕದಲ್ಲಿ ಬಂದು ನೆಲೆಸಿದವರೋ? ಇವರಿಗೆ ನಿಕಟ ಸಂಬಂಧವಿರುವ ಇತರ ಪಂಗಡಗಳಾವುವು? ಎಂಬ ವಿಷಯಗಳ ಬಗ್ಗೆ ಸ್ಪಷ್ಟ ಉತ್ತರ ಯಾರಲ್ಲೂ ಇಲ್ಲ. ಇದನ್ನು ತಿಳಿಯಲು ಇತ್ತೀಚೆಗೆ ಕೆಲವು ಪ್ರಯತ್ನಗಳು ನಡೆದಿವೆ. ಪುರಾಣಕಥೆಗಳು, ಜಾನಪದ ಸಾಹಿತ್ಯ, ಚಾರಿತ್ರಿಕ ಅಧ್ಯಯನಗಳು, ಶಾಸನಗಳು ಇವೆಲ್ಲವೂ ಬಂಟ/ ನಾಡವರ ಮೂಲದ ಬಗ್ಗೆ ನಿರ್ದಿಷ್ಟ ಸಿದ್ಧಾಂತವನ್ನು ಈವರೆಗೆ ಮಂಡಿಸಿಲ್ಲ.
521 _aವಿಷಯಸೂಚಿ * ಪ್ರಕಾಶಕರ ಮಾತು * ಮುನ್ನುಡಿ * ಪ್ರಸ್ತಾವನೆ ೧. ಬಂಟ/ನಾಡವ - ಒಕ್ಕಲಿಗರು ೨. ಐತಿಹ್ಯಗಳಲ್ಲಿ ತುಳುನಾಡವರು ೩. ತುಳುನಾಡ ಆರಸರು ೪. ಪ್ರಾಚೀನ ಬುಡಕಟ್ಟು ಸಮುದಾಯಕ್ಕೆ ಸೇರಿದವರು ೫. ಪ್ರಾಚೀನ ಕನ್ನಡಿಗ ಅರಸು ಮನೆತನದವರು ೬. ಬಳಿಗಳು ಮತ್ತು ಕೊರಪುನಾಮಗಳು ೭. 'ಸಾಲ್ಯಣ್ಣಾಯ' ಬಳಿ ೮. ಕೋಶರ ಮೂಲ ೯. ಬಂಟ/ನಾಡವರು ಕ್ಷತ್ರಿಯರೇ? 20. w ಬ್ರಾಹ್ಮಣ ಸಂಬಂಧ ೧೧. ಜೈನ ಕೆಟ್ಟು ಬಂಟನಾದನೇ? ೧೨. ಬೌದ್ಧ ಧರ್ಮದ ನೆರಳು ೧೩. ವಿದೇಶಿ ಮೂಲದ ಸಿದ್ಧಾಂತಗಳು * ಉಪಸಂಹಾರ * ಆಧಾರ ಗ್ರಂಥಗಳು * ಉಲ್ಲೇಖಿತ ಬರಹಗಳು * ಶಾಸನಾಧಾರಗಳು
650 _avishleshane
_9247530
650 _aTulunadavaru
_9247531
650 _asiddhantagala
_9247532
650 _aputagalolage
_9247533
650 _anadavarigagi
_9247534
650 _anadavara
_9247535
650 _amulada
_9247536
650 _aitihasada
_9247537
650 _ahudukata
_9247538
650 _ahagu
_9247539
650 _abanta
_9247540
690 _aSocial Groups
_9247541
906 _a064203
942 _2ddc
_cBK
999 _c140447
_d140447